[Event "FRA-ch U10"]
[Site "Hyeres"]
[Date "2002.??.??"]
[Round "6.10"]
[White "Baudifier, Yoan"]
[Black "Astorgis, Raphael"]
[Result "1-0"]
[WhiteElo "1660"]
[BlackElo "1350"]
[PlyCount "95"]
[EventDate "2002.04.05"]
[EventType "swiss"]
[EventRounds "9"]
[EventCountry "FRA"]
[SourceTitle "EXT 2003"]
[Source "ChessBase"]
[SourceDate "2002.11.25"]
[SourceVersion "1"]
[SourceVersionDate "2002.11.25"]
[SourceQuality "1"]

1. e4 e5 2. Nf3 Nc6 3. Nc3 Nf6 4. Bb5 d6 5. d3 Bd7 6. 0-0 Be7 7. h3 0-0 8. Bg5 a6 9. Ba4 h6 10. Bh4 Nh5 11. Bxe7 Qxe7 12. Nd5 Qd8 13. Nxe5 dxe5 14. Qxh5 b5 15. Bb3 Nd4 16. Qxe5 Nxb3 17. axb3 c6 18. Ne3 Re8 19. Qc3 Qg5 20. Kh1 Re6 21. Qd2 Rg6 22. Qe2 Qh4 23. Qf3 h5 24. Nf5 Qg5 25. Qg3 Qf6 26. Qh4 Qxh4 27. Nxh4 Rh6 28. Nf3 f6 29. Rfe1 g5 30. e5 f5 31. Nxg5 Rg6 32. Nf3 Kf7 33. d4 f4 34. Re4 Ke6 35. Rxf4 Ke7 36. Re4 Rag8 37. Rg1 Bf5 38. Re2 Be6 39. Ree1 Bd5 40. b4 R6g7 41. b3 Ke6 42. Rc1 Kd7 43. c4 Be4 44. Rge1 Bxf3 45. gxf3 Rg2 46. Rg1 Rxg1+ 47. Rxg1 Rxg1+ 48. Kxg1 1-0